<?xml version="1.0" encoding="UTF-8"?>
<record
    xmlns:xsi="http://www.w3.org/2001/XMLSchema-instance"
    xsi:schemaLocation="http://www.loc.gov/MARC21/slim http://www.loc.gov/standards/marcxml/schema/MARC21slim.xsd"
    xmlns="http://www.loc.gov/MARC21/slim">

  <leader>01714nab a2200253uuc4500</leader>
  <controlfield tag="001">1226255</controlfield>
  <controlfield tag="005">20240202095908.0</controlfield>
  <controlfield tag="008">101203s2010                        spa  </controlfield>
  <datafield tag="035" ind1=" " ind2=" ">
    <subfield code="a">1226255</subfield>
  </datafield>
  <datafield tag="035" ind1=" " ind2=" ">
    <subfield code="a">(OCoLC)820568295</subfield>
  </datafield>
  <datafield tag="040" ind1=" " ind2=" ">
    <subfield code="c">comduadb</subfield>
  </datafield>
  <datafield tag="041" ind1=" " ind2=" ">
    <subfield code="a">spa</subfield>
  </datafield>
  <datafield tag="100" ind1="1" ind2="0">
    <subfield code="a">Solaz Portol&#xE9;s, J. J</subfield>
    <subfield code="4">aut</subfield>
    <subfield code="e">aut</subfield>
    <subfield code="9">564693</subfield>
  </datafield>
  <datafield tag="245" ind1="1" ind2="0">
    <subfield code="a">Conocimiento metacognitivo de las estrategias y habilidades mentales utilizadas para resolver problemas: un estudio con profesores de ciencias en formaci&#xF3;n</subfield>
  </datafield>
  <datafield tag="520" ind1="3" ind2=" ">
    <subfield code="a">El presente estudio pretende aproximarse al conocimiento metacognitivo sobre las estrategias y destrezas mentales en la resoluci&#xF3;n de problemas de diferente naturaleza que tiene el profesorado de secundaria de ciencias. Participaron 46 profesores en formaci&#xF3;n, 28 de la especialidad de F&#xED;sica y Qu&#xED;mica y 18 de la especialidad de Biolog&#xED;a y Geolog&#xED;a. Se obtuvo informaci&#xF3;n mediante un cuestionario sobre frecuencia, eficacia y facilidad del uso de cinco estrategias de resoluci&#xF3;n de problemas en tres tipos de problemas: interpersonales, pr&#xE1;cticos y acad&#xE9;micos. A los participantes tambi&#xE9;n se les pidi&#xF3; identificar las destrezas mentales implicadas en cada estrategia. Los resultados obtenidos son coherentes con dos investigaciones anteriores.</subfield>
  </datafield>
  <datafield tag="650" ind1=" " ind2=" ">
    <subfield code="a">Metacognici&#xF3;n</subfield>
    <subfield code="9">22582</subfield>
  </datafield>
  <datafield tag="650" ind1=" " ind2=" ">
    <subfield code="a">Profesores de secundaria</subfield>
    <subfield code="9">155584</subfield>
  </datafield>
  <datafield tag="650" ind1=" " ind2=" ">
    <subfield code="a">Resoluci&#xF3;n de problemas</subfield>
    <subfield code="9">28985</subfield>
  </datafield>
  <datafield tag="700" ind1="1" ind2="0">
    <subfield code="a">Rodriguez Miguel, C.</subfield>
    <subfield code="4">aut</subfield>
    <subfield code="e">aut</subfield>
    <subfield code="9">606850</subfield>
  </datafield>
  <datafield tag="700" ind1="1" ind2="0">
    <subfield code="a">G&#xF3;mez L&#xF3;pez, A.</subfield>
    <subfield code="4">aut</subfield>
    <subfield code="e">aut</subfield>
    <subfield code="9">590112</subfield>
  </datafield>
  <datafield tag="700" ind1="1" ind2="0">
    <subfield code="a">Sanjos&#xE9; L&#xF3;pez, Vicente</subfield>
    <subfield code="4">aut</subfield>
    <subfield code="e">aut</subfield>
    <subfield code="9">452237</subfield>
  </datafield>
  <datafield tag="773" ind1="0" ind2=" ">
    <subfield code="t">Did&#xE1;ctica de las Ciencias Experimentales y Sociales</subfield>
    <subfield code="g">No. 24, 2010, p. 139-152</subfield>
    <subfield code="w">968112</subfield>
    <subfield code="x">0214-4379</subfield>
    <subfield code="0">376221</subfield>
  </datafield>
  <datafield tag="942" ind1=" " ind2=" ">
    <subfield code="c">ARIMP</subfield>
  </datafield>
  <datafield tag="999" ind1=" " ind2=" ">
    <subfield code="c">562077</subfield>
    <subfield code="d">562077</subfield>
  </datafield>
</record>
